000 00871nam a2200253Ia 4500
003 OSt
005 20220923212847.0
006 a|||||r|||| 00| 0
007 ta
008 220922b |||||||| |||| 00| 0 hin d
024 _a156,334
037 _cTextual
040 _aARTS
_cARTS
_bhin
041 _2hin
_ahin
082 _aO152:g, M5
100 _aगुलाटी, यश; शर्मा, लक्ष्मीनारायण
_9162783
245 0 _aसमीक्षातत्व
246 _aSamīkṣhātatva
260 _aदिल्ली
_b सूर्य प्रकाश
_c1985
300 _a135 पृ.
_ccm.
650 _aहिन्दी साहित्य
_9156264
942 _hO152:g, M5
_cTEXL
_2CC
999 _c311652
_d311652